Tvorivosť a konkurencieschopnosť Vidieckeho reginu

Napriek tomu, že Európa je celosvetovo najnavštevovanejším regiónom, rast počtu prichádzajúcich medzinárodných turistov je nižší ako svetový priemer. Objavujú sa nové prudko sa rozvíjajúce konkurenčné destinácie, ktoré ponúkajú inovačné produkty a služby, pri spievajúce ku konkurenčnému tlaku, ktoré...

ver descrição completa

Na minha lista:
Detalhes bibliográficos
Autor principal: Beresecká, Janka
Formato: Capítulo de Livro
Idioma:eslovaco
Assuntos:
Tags: Adicionar Tag
Sem tags, seja o primeiro a adicionar uma tag!

MARC

LEADER 00000nla a2200000 4500
001 0194902
005 20240417075051.3
041 0 |a slo 
044 |a CZ 
245 1 0 |a Tvorivosť a konkurencieschopnosť Vidieckeho reginu  |c Janka Beresecká 
520 |a Napriek tomu, že Európa je celosvetovo najnavštevovanejším regiónom, rast počtu prichádzajúcich medzinárodných turistov je nižší ako svetový priemer. Objavujú sa nové prudko sa rozvíjajúce konkurenčné destinácie, ktoré ponúkajú inovačné produkty a služby, pri spievajúce ku konkurenčnému tlaku, ktorému Európa v celosvetovom meradle čelí. V záujme úspešného riešenia problémov, ako aj zvyšovania konkurencieschopnosti regiónov je potrebné produkty cestovného ruchu inovovať a využiť činnosť kreatívnych jedincov. 
610 2 0 |a politika regionálna 
610 2 0 |a Európa 
610 2 0 |a kreativita 
610 2 0 |a konkurencieschopnosť 
610 2 0 |a ruch cestovný vidiecky 
100 1 |a Beresecká, Janka